[Event "POL-chT DMP Ekstraliga 2019"]
[Site "Katowice"]
[Date "2019.09.04"]
[Round "8.7"]
[White "Huschenbeth, Niclas"]
[Black "Harikrishna, Pentala"]
[Result "0-1"]
[WhiteElo "2620"]
[BlackElo "2738"]
[Annotator "TA"]
[PlyCount "60"]
[EventDate "2019.08.28"]
[EventType "team-tourn"]
[EventCountry "POL"]
[SourceTitle "playchess.com"]
[Source "ChessBase"]
[SourceQuality "1"]

{[%evp 20,60,13,13,15,10,21,19,18,11,15,10,27,24,26,0,0,-57,-59,-32,-22,-64,-72,-136,-138,-158,-153,-156,-171,-320,-325,-536,-537,-554,-529,-543,-541,-616,-612,-885,-855,-1962,-1927]} 1. e4 e5 2. Nf3 Nc6 3. Bb5 a6 4. Ba4 Nf6 5. O-O Be7 6. Re1 b5 7. Bb3 O-O 8. a4 b4 9. a5 d6 10. c3 Rb8 11. Bc4 h6 {C90: Closed Ruy Lopez with 7...d6: Early deviations} (11... Bg4 12. h3 Bh5 13. Qa4 Na7 14. g4 Bg6 15. d3 Nb5 16. Bg5 h5 17. Bxf6 Bxf6 18. Kg2 bxc3 19. Nxc3 {½-½ (58) Caruana,F (2819)-Ding,L (2805) Zagreb 2019}) 12. h3 {[#]} Nxe4 $1 {[%mdl 512] ...d5 is the strong threat.} 13. Bd5 $1 {[%cal Rd5c6][%mdl 64] Double Attack} ({Worse is} 13. Rxe4 d5 $17) 13... Nxf2 $1 {The position is equal.} 14. Kxf2 Nxa5 {Black wants to play ...c6.} 15. cxb4 $1 c6 16. Ba2 Rxb4 {aiming for ...e4.} 17. d3 $146 ({Predecessor:} 17. d4 Bh4+ 18. g3 Be7 19. Na3 exd4 {½-½ (35) Pereira,N (2303)-Simal Moreira,L (2370) ICCF email 2016}) 17... Bh4+ 18. g3 ({White should play} 18. Nxh4 $11 Qxh4+ 19. Kg1) 18... Bf6 $36 {[%mdl 3072] Black has compensation. Black is more active.} 19. Kg2 Re8 20. Re4 Rb8 21. Ra4 (21. Re2 $142) 21... Nb7 $17 {[%cal Ba5b7,Bb7d6,Bd6c4][%mdl 32]} 22. Be3 {[#]} d5 $1 23. Nbd2 Nd6 24. Nb3 (24. Bb3 $142) 24... e4 $19 25. Nfd4 $2 {[#]} (25. dxe4 {was called for.} Nxe4 26. Rb1) 25... c5 $1 {[%mdl 512] Black is clearly winning.} 26. Nxc5 Rxb2+ 27. Kh1 exd3 28. Qxd3 Nc4 29. Re1 Qd6 {[%mdl 64] Double Attack} 30. Ne4 Rxe4 {Accuracy: White = 40%, Black = 98%.} 0-1

[Event "POL-chT DMP Ekstraliga 2019"]
[Site "Katowice"]
[Date "2019.09.04"]
[Round "8.8"]
[White "Bartel, Mateusz"]
[Black "Hracek, Zbynek"]
[Result "1/2-1/2"]
[WhiteElo "2612"]
[BlackElo "2572"]
[Annotator "TA"]
[PlyCount "66"]
[EventDate "2019.08.28"]
[EventType "team-tourn"]
[EventCountry "POL"]
[SourceTitle "playchess.com"]
[Source "ChessBase"]
[SourceQuality "1"]

{[%evp 14,66,12,15,18,15,33,16,12,18,8,14,13,16,14,13,8,4,31,17,23,24,24,27,27,27,19,6,19,0,17,12,35,14,12,5,12,0,10,5,10,0,9,0,0,0,10,0,0,0,0,-8,-13,-8,147]} 1. d4 d5 2. c4 e6 3. Nc3 Bb4 4. Nf3 Nf6 5. Bg5 ({Predecessor:} 5. Qa4+ Nc6 6. Bg5 h6 7. Bxf6 {½-½ (43) Espinosa Veloz,E (2491)-Diaz Murgada,R (2419) Varadero 2016}) 5... h6 6. Bxf6 Qxf6 7. Qa4+ Nc6 8. e3 O-O {D38: Queen's Gambit Declined: Ragozin Defence (4 Nf3 Bb4)} 9. Be2 dxc4 10. Bxc4 e5 {[%cal Re5d4]} 11. O-O {[#] Threatens to win with Nd5.} exd4 12. Nd5 Qd6 13. Nxb4 Qxb4 14. Qxb4 Nxb4 15. Nxd4 Bd7 (15... c5 $5 {[%cal Rc5d4]} 16. Nb5 a6 $11) 16. Rfd1 $146 (16. a3) 16... Rfd8 17. h3 Kf8 18. a3 Nc6 19. Nf3 Be8 20. Bd5 Rab8 21. b4 Ne7 22. Be4 c6 23. Rdc1 f5 {The position is equal.} 24. Bc2 Bf7 25. g3 g6 26. Nd4 Kg7 27. Bd3 Kf6 28. Rc5 Rd5 29. Rc2 Rd6 30. Rac1 Rbd8 31. Kf1 g5 32. b5 cxb5 33. Bxb5 Ke5 $2 {Accuracy: White = 53%, Black = 67%.} (33... f4 $11) 1/2-1/2

[Event "POL-chT DMP Ekstraliga 2019"]
[Site "Katowice"]
[Date "2019.09.04"]
[Round "8.9"]
[White "Markowski, Tomasz"]
[Black "Mastrovasilis, Dimitrios"]
[Result "0-1"]
[WhiteElo "2537"]
[BlackElo "2594"]
[Annotator "TA"]
[PlyCount "96"]
[EventDate "2019.08.28"]
[EventType "team-tourn"]
[EventCountry "POL"]
[SourceTitle "playchess.com"]
[Source "ChessBase"]
[SourceQuality "1"]

{[%evp 13,96,18,33,12,16,10,15,15,18,8,13,4,22,9,10,-2,0,0,0,0,12,0,19,0,0,-47,-22,-22,-22,-19,-20,-25,-23,-51,-75,-67,-34,-32,-21,-89,-87,-130,-119,-159,-153,-187,-187,-156,-79,-215,-201,-189,-198,-197,-141,-138,0,-202,-197,-202,-202,-173,-189,-199,-196,-198,-198,-171,-117,-202,-202,-202,-202,-147,-92,-197,-155,-456,-456,-5185,-5129,-3675,-3443,-444,-412]} 1. Nf3 d5 2. c4 c6 3. cxd5 cxd5 4. d4 Nc6 5. Nc3 Nf6 6. Bf4 a6 7. Rc1 Ne4 8. e3 {D13: Slav Defence: Exchange variation without ...Bf5} Nxc3 9. bxc3 Bf5 10. Bd3 {The position is equal.} Bxd3 11. Qxd3 e6 12. O-O Na5 13. e4 {[#] aiming for exd5.} Rc8 $146 ({Predecessor:} 13... Be7 14. exd5 exd5 15. h4 O-O {½-½ (39) Rodshtein,M (2615)-Vallejo Pons,F (2660) Pamplona 2007}) 14. Rfe1 Be7 15. exd5 Qxd5 16. Ne5 b5 17. Qg3 Bf6 18. Ng4 Nc4 19. Re2 Bg5 20. Bxg5 Qxg5 21. f4 Qg6 22. d5 h5 23. Nf2 {Rxe6+! is the strong threat.} Qxg3 24. hxg3 Rh6 25. Rce1 {[%cal Rd5e6]} Kd7 26. Nd3 (26. Nh3 $11 {keeps the balance.}) 26... Kd6 $17 27. Nb4 exd5 28. Nxa6 Re6 29. Kf2 Nb6 30. Rb2 Rxc3 ({Black should try} 30... Ra8 31. Nb4 Rxe1 32. Kxe1 Na4) 31. Rxe6+ (31. Rxb5 $17 Kc6 32. Rb3 (32. Reb1 Rc2+ 33. Kf1 Nc4 $15) 32... Rc2+ 33. Kf3 Rxe1 34. Nb4+ Kc5 35. Nxc2) 31... fxe6 $19 32. Rxb5 $17 {[%mdl 4096] Endgame KRN-KRN} Rc2+ 33. Kg1 Rc1+ (33... Nc4 $19 34. Nb4 Rd2) 34. Kf2 Rc2+ (34... Nc4 $17 35. Nb4 Rb1) 35. Kg1 $1 $19 Nc4 36. Nb4 Rd2 37. a4 d4 38. Rxh5 d3 39. Nxd3 Rxd3 {KRN-KR} 40. Rg5 {[#]} Ne3 (40... Rd2 $1 $19 41. Rxg7 Ne3) 41. Rxg7 (41. Kf2 $17) 41... Rd2 42. Kh2 Rxg2+ 43. Kh3 {[#]} Rg1 $1 44. Kh2 (44. g4 $17 {was the only chance.}) 44... Ra1 45. Rg8 $2 (45. g4 $17) 45... Kd5 {Black is clearly winning.} 46. Rb8 (46. g4 $142 Ke4 47. Kg3) 46... Ke4 47. Rb2 Kf3 {( -> ...Ng4+)} 48. Kh3 Rh1+ {Accuracy: White = 39%, Black = 78%.} 0-1

[Event "POL-chT DMP Ekstraliga 2019"]
[Site "Katowice"]
[Date "2019.09.04"]
[Round "8.10"]
[White "Gumularz, Szymon"]
[Black "Nasuta, Grzegorz"]
[Result "1-0"]
[WhiteElo "2498"]
[BlackElo "2533"]
[Annotator "TA"]
[PlyCount "55"]
[EventDate "2019.08.28"]
[EventType "team-tourn"]
[EventCountry "POL"]
[SourceTitle "playchess.com"]
[Source "ChessBase"]
[SourceQuality "1"]

{[%evp 15,55,13,13,12,27,10,28,22,15,21,23,16,26,10,24,16,14,18,45,39,43,27,12,10,62,68,89,81,134,59,154,150,259,266,664,660,29993,29994,29996,29997,29997,29998]} 1. d4 Nf6 2. c4 g6 3. Nc3 d5 4. cxd5 Nxd5 5. e4 Nxc3 6. bxc3 Bg7 7. Qa4+ Nd7 8. Nf3 O-O 9. Qa3 {D85: Exchange Grünfeld: Unusual White 7th moves and lines with 7 Nf3} (9. Be2 e5 10. Ba3 Re8 11. dxe5 Nxe5 12. Rd1 Bd7 13. Qb3 Nxf3+ 14. gxf3 Qc8 15. h4 Be6 16. c4 Rd8 17. Rxd8+ Qxd8 {0-1 (52) Vidit,S (2711)-Shankland,S (2731) Prague 2019}) 9... c5 10. Be2 cxd4 11. cxd4 {White has an edge.} Nb6 12. Bg5 Re8 13. O-O Bg4 14. Rad1 Qd6 15. Qe3 Rac8 16. h3 Be6 $146 ({Predecessor:} 16... Bxf3 17. e5 Nd5 18. exd6 Nxe3 19. Bxf3 Nxd1 {½-½ (56) Parligras,M (2607)-Tutisani,N (2347) Minsk 2017}) 17. Bf4 $36 {[%mdl 2048] White has the initiative.} Qb4 18. d5 {Threatens to win with Rb1.} Bd7 $1 19. Be5 Bxe5 ({Black should play} 19... e6 $11) 20. Nxe5 $14 Ba4 {[#]} 21. Rd4 $1 {[%cal Rd4b4]} Qb2 ({Black should try} 21... Qd6 22. Nf3 f6) 22. Nf3 (22. Bg4 $16) 22... Kg7 {[#]} (22... e5 $14 23. Rd2 Qb4) 23. e5 $1 $16 Rc3 (23... Qxa2 $16 24. Rh4 h5) 24. Bd3 $18 Bc2 $2 (24... Rh8 25. d6 Qxa2) 25. Rh4 {White wants to mate with Qh6+.} h5 {[#]} 26. Rxh5 $1 {[%mdl 576] Back Rank. White mates.} gxh5 27. Qg5+ {[%mdl 64] Double Attack} Kf8 28. Qh6+ {Accuracy: White = 80%, Black = 23%.} 1-0

[Event "POL-chT DMP Ekstraliga 2019"]
[Site "Katowice"]
[Date "2019.09.04"]
[Round "8.11"]
[White "Jakubowski, Krzysztof"]
[Black "Tazbir, Marcin"]
[Result "1/2-1/2"]
[WhiteElo "2518"]
[BlackElo "2521"]
[Annotator "TA"]
[PlyCount "81"]
[EventDate "2019.08.28"]
[EventType "team-tourn"]
[EventCountry "POL"]
[SourceTitle "playchess.com"]
[Source "ChessBase"]
[SourceQuality "1"]

{[%evp 9,81,0,22,22,22,16,18,19,21,10,35,18,17,30,38,42,56,25,53,21,20,19,28,19,23,3,17,-1,4,-3,0,0,0,0,0,0,0,0,0,0,12,6,24,0,10,0,3,0,8,8,8,8,8,8,8,2,8,0,0,0,0,0,0,0,0,0,0,0,0,-48,-56,-76,-8,-179]} 1. e4 c6 2. Nf3 d5 3. d3 dxe4 4. dxe4 Qxd1+ 5. Kxd1 Bg4 (5... Nf6 6. Nbd2 g6 7. c3 Bg7 8. Ne1 Ng4 9. Nd3 Nd7 10. Nc4 O-O 11. f3 Nge5 12. Ndxe5 Nxe5 {½-½ (82) Van Foreest,J (2612)-Martirosyan,H (2607) chess.com INT 2019}) 6. Be2 {B10: Caro-Kann: 2 d3 and 2 c4} Nd7 7. Nfd2 Bxe2+ 8. Kxe2 g6 9. a4 $146 ({Predecessor:} 9. Nb3 Bg7 10. N1d2 Ngf6 11. f3 O-O 12. Rd1 {1-0 (46) Grundherr,M (2260)-Nissen,J (2120) Bayern 2001}) 9... Bg7 10. a5 Ngf6 11. f3 Ne5 12. Nb3 Nfd7 13. Ra4 c5 14. Rd1 O-O-O 15. Na3 Nc6 16. c3 b6 17. Bg5 h6 18. Bh4 Be5 19. Bg3 Bxg3 20. hxg3 Nde5 21. Ra1 Kb7 22. axb6 axb6 23. f4 Nd7 24. Nc4 Ra8 (24... g5 {with more complications.} 25. Ra6 h5 26. Rxb6+ Nxb6 27. Nxc5+ Kc7) 25. Rxa8 Rxa8 26. Rxa8 (26. Rd1 {seems wilder.} Rd8 27. g4 Nf6 28. Rxd8 Nxd8 29. Kf3) 26... Kxa8 $11 {[%mdl 4096] Endgame KNN-KNN} 27. Ne3 Kb7 28. Nd2 b5 29. e5 f6 30. exf6 exf6 31. Ne4 Ne7 32. g4 Kc6 33. g3 Nd5 34. Ng2 g5 35. Kf3 c4 36. Ne1 N7b6 37. Nc2 Na4 38. Nd4+ Kb6 39. Nd6 Nxb2 40. N6xb5 Na4 ({Black should try} 40... Kc5 $17 {...Nxc3! is the strong threat.} 41. Na3 Nxc3) 41. Ke4 $2 {Accuracy: White = 56%, Black = 54%.} (41. Na3 $11 {and White has nothing to worry.}) 1/2-1/2

[Event "POL-chT DMP Ekstraliga 2019"]
[Site "Katowice"]
[Date "2019.09.04"]
[Round "8.12"]
[White "Zawadzka, Jolanta"]
[Black "Buksa, Nataliya"]
[Result "1/2-1/2"]
[WhiteElo "2407"]
[BlackElo "2406"]
[Annotator "TA"]
[PlyCount "103"]
[EventDate "2019.08.28"]
[EventType "team-tourn"]
[EventCountry "POL"]
[SourceTitle "playchess.com"]
[Source "ChessBase"]
[SourceQuality "1"]

{[%evp 25,103,42,58,11,16,33,42,29,21,19,29,20,25,24,30,25,25,22,12,-10,-4,0,0,0,16,9,29,28,37,34,32,31,46,35,45,25,27,0,0,0,0,0,0,0,0,0,0,-10,0,0,0,0,7,0,2,0,0,0,2,2,2,2,7,0,0,0,0,0,0,0,0,0,0,0,0,0,0,0,0,0]} 1. e4 c5 2. Nf3 Nc6 3. d4 cxd4 4. Nxd4 Nf6 5. Nc3 e5 6. Ndb5 d6 7. Bg5 a6 8. Na3 b5 9. Bxf6 gxf6 10. Nd5 f5 11. Bd3 Be6 12. O-O Bxd5 13. exd5 Ne7 $1 14. Re1 {B33: Sicilian: Pelikan and Sveshnikov Variations} (14. Nxb5 $5 Bg7 15. Nc3 $14) 14... Bg7 {[#] And now ...e4 would win.} 15. c3 O-O {[#]} 16. Qh5 $146 {White is slightly better.} ({Predecessor:} 16. Nc2 Re8 17. Qh5 e4 {½-½ (41) Topalov,V (2749)-Mamedov,R (2704) Shamkir 2018}) 16... e4 17. Bf1 Re8 18. Nc2 Nxd5 19. Qxf5 Re5 20. Qh3 Qb6 21. Rad1 Rae8 22. Rxe4 Rxe4 23. Rxd5 R4e5 24. Rd3 Rg5 25. Ne3 Qc5 26. Qf3 b4 {[%cal Rb4c3]} 27. cxb4 Qxb4 28. b3 Rge5 29. g3 a5 30. Nf5 {[#]} d5 $1 {[%mdl 512]} 31. Nxg7 (31. Ne3 {keeps more tension.} d4 32. Nf5 Qb6 33. Nxg7 Kxg7 34. Qg4+) (31. Rxd5 Rxd5) 31... Kxg7 {The position is equal.} 32. Rxd5 Rxd5 33. Qxd5 $11 {[%mdl 4096] Endgame KQR-KQB} Re6 34. Bd3 h6 35. h4 Qc3 36. Kg2 Qd2 37. Qd4+ Kf8 38. a3 Re1 39. b4 Qd1 40. Qd8+ Kg7 $1 41. Qd4+ Kf8 42. Qd5 axb4 43. axb4 Qd2 44. b5 Rd1 45. Qc5+ Kg8 46. Qc8+ Kg7 47. Qg4+ Kf8 48. Be2 Rb1 49. Qc8+ Kg7 50. Qg4+ Kf8 51. Qc8+ Kg7 52. Qg4+ {Accuracy: White = 66%, Black = 68%.} 1/2-1/2

[Event "POL-chT DMP Ekstraliga 2019"]
[Site "Katowice"]
[Date "2019.09.04"]
[Round "8.13"]
[White "Kempinski, Robert"]
[Black "Piorun, Kacper"]
[Result "1-0"]
[WhiteElo "2579"]
[BlackElo "2660"]
[Annotator "TA"]
[PlyCount "45"]
[EventDate "2019.08.28"]
[EventType "team-tourn"]
[EventCountry "POL"]
[SourceTitle "playchess.com"]
[Source "ChessBase"]
[SourceQuality "1"]

{[%evp 9,45,22,34,30,32,32,34,30,33,28,38,43,69,50,63,54,67,53,47,0,0,0,35,0,43,37,51,42,58,43,91,89,429,418,537,517,834,835]} 1. d4 f5 2. c4 Nf6 3. Nf3 g6 4. e3 (4. g3 Bg7 5. Bg2 O-O 6. O-O d6 7. Nc3 Nc6 8. d5 Na5 9. b3 c5 10. Bb2 a6 11. Ng5 Rb8 12. Qd3 Qe8 13. Nd1 b5 14. Qd2 Nb7 15. Ne3 Nd8 16. Nh3 Bd7 {0-1 (58) Xiong,J (2663)-Nakamura,H (2746) Saint Louis 2019}) 4... Bg7 5. b4 O-O 6. Be2 {A84: Dutch Defence: 2 c4 Miscellaneous} d6 7. Bb2 e6 8. Nc3 {White is slightly better.} Qe7 9. Qb3 Kh8 10. O-O b6 $146 ({Predecessor:} 10... c6 11. Rfd1 Nbd7 12. c5 d5 13. b5 e5 14. dxe5 {1-0 (70) Knechtel,R (2171)-Waggerl,F (2168) Austria 2001}) 11. a4 (11. c5 $5) 11... a5 12. bxa5 bxa5 13. Ba3 c5 14. dxc5 dxc5 15. Ne5 $36 {[%mdl 2048] [#] Black must now prevent Bf3. White is pushing.} Nfd7 16. Nxd7 (16. Bf3 $5 {[%cal Re5d7]} Ra6 17. Nxd7 Nxd7 18. Rad1 $11) 16... Nxd7 17. Rad1 {[%cal Ba1d1,Bd1d6,Bd6b6][%mdl 32]} Rb8 18. Nb5 Bb7 19. Rd6 Rfc8 20. Rfd1 Qg5 $2 {[%mdl 8192] [#]} (20... Bc6 $16 {is more resistant.}) 21. g3 $18 Nf8 22. Rb6 Ba8 (22... Qe7 $142 23. Nd6 Rc7) 23. Nd6 {Accuracy: White = 86%, Black = 37%.} 1-0

[Event "POL-chT DMP Ekstraliga 2019"]
[Site "Katowice"]
[Date "2019.09.04"]
[Round "8.14"]
[White "Bluebaum, Matthias"]
[Black "Shevchenko, Kirill"]
[Result "1/2-1/2"]
[WhiteElo "2619"]
[BlackElo "2556"]
[Annotator "TA"]
[PlyCount "54"]
[EventDate "2019.08.28"]
[EventType "team-tourn"]
[EventCountry "POL"]
[SourceTitle "playchess.com"]
[Source "ChessBase"]
[SourceQuality "1"]

{[%evp 19,54,15,27,4,12,0,0,0,0,0,0,4,16,22,14,0,0,0,0,0,0,0,10,0,0,0,22,8,22,17,13,0,14,0,0,0,10]} 1. d4 Nf6 2. c4 g6 3. Nc3 d5 4. cxd5 Nxd5 5. e4 Nxc3 6. bxc3 Bg7 7. Bc4 c5 8. Ne2 O-O 9. O-O Nc6 10. Be3 b6 11. Rc1 {D87: Exchange Grünfeld: Classical Line: Variations without ...cxd4} Bb7 {The position is equal.} 12. Qd2 e6 13. Rfd1 Rc8 14. f3 Qe7 (14... cxd4 15. cxd4 Qd6 16. Bh6 Bxh6 17. Qxh6 Na5 18. Bd3 Rxc1 19. Qxc1 {½-½ (50) Nakamura,H (2746)-Vachier Lagrave,M (2781) London 2018}) 15. Bg5 Bf6 16. h4 $146 ({Predecessor:} 16. Bxf6 Qxf6 17. Qe3 Rfd8 18. e5 Qh4 {1-0 (29) Quesada Perez,L (2402)-Espinosa Veloz,E (2515) Matanzas 2017}) 16... Rfd8 17. Qe3 h5 18. Kf2 Bxg5 19. hxg5 Na5 20. Bd3 cxd4 21. cxd4 Rxc1 22. Rxc1 Qa3 23. Bb5 Qb4 ({Reject} 23... Qxa2 24. Qf4 $16) 24. Qd3 Qe7 25. Qd2 Qd6 26. Qe3 Qb4 27. Qd3 Qe7 {Accuracy: White = 27%, Black = 85%.} 1/2-1/2

[Event "POL-chT DMP Ekstraliga 2019"]
[Site "Katowice"]
[Date "2019.09.04"]
[Round "8.15"]
[White "Kriebel, Tadeas"]
[Black "Janik, Igor"]
[Result "1/2-1/2"]
[WhiteElo "2531"]
[BlackElo "2483"]
[Annotator "TA"]
[PlyCount "82"]
[EventDate "2019.08.28"]
[EventType "team-tourn"]
[EventCountry "POL"]
[SourceTitle "playchess.com"]
[Source "ChessBase"]
[SourceQuality "1"]

{[%evp 13,82,31,57,54,91,16,12,21,21,15,16,14,18,15,17,15,14,20,20,19,16,19,14,14,19,21,35,27,100,0,0,0,0,0,0,0,0,0,0,0,0,0,0,0,0,0,1,0,0,0,16,0,0,0,0,0,0,0,0,-45,0,0,0,0,0,0,2,0,0,0,8]} 1. e4 c6 2. d4 d5 3. e5 Bf5 4. Nf3 e6 5. Be2 c5 6. Be3 Qb6 7. Nc3 Nc6 8. O-O {B12: Caro-Kann: Advance Variation} Qxb2 9. Qe1 (9. Nb5 $16 Rc8 10. dxc5) 9... cxd4 $11 10. Bxd4 Nxd4 ({Avoid the trap} 10... Qxc2 $2 11. Rc1 $18) ({Of course not} 10... Bxc2 $6 11. Nb5 $16) 11. Nxd4 Bb4 12. Rb1 (12. Ndb5 Ba5 13. Rb1 Qxc2 14. Rb3 Ne7 15. Nd6+ Kf8 16. Nxb7 Bb6 17. Nd6 Ba5 18. Nb7 Bb6 19. Nd6 Ba5 20. Nb7 {½-½ (20) Vachier Lagrave,M (2773)-Anand,V (2774) Karlsruhe/Baden Baden 2019}) 12... Bxc3 13. Rxb2 Bxe1 14. Rxe1 b6 $1 15. Bb5+ Kf8 16. Nxf5 exf5 17. c4 $146 dxc4 18. Bxc4 Nh6 19. e6 Re8 20. Rd2 {e7+! would kill now.} fxe6 {[#]} (20... g6 $1 $11 {remains equal.}) 21. Bxe6 ({Better is} 21. Bb5 $1 $16 {[%cal Rb5e8]} Ra8 22. Rd7 (22. Rxe6 Kf7 $11)) 21... g6 22. Rd7 Re7 23. Rxe7 Kxe7 24. Bxf5+ {[%mdl 4096] Endgame KRB-KRN} Kd6 25. Re6+ Kd5 26. Bh3 Rc8 {[#] ( -> ...Rc1+)} 27. g3 {White wants to play Re7.} Rc7 28. Kg2 Nf7 29. Re2 Ne5 30. Rd2+ Kc5 31. Be6 {Hoping for Rd5+.} Kb4 32. h4 Re7 33. Bg8 Nc4 34. Bxc4 Kxc4 {KR-KR} 35. f4 b5 36. Kf3 Kc3 37. Rf2 {The position is equal.} Kd3 38. g4 Re3+ 39. Kg2 Re4 40. Kg3 {Threatens to win with f5.} Re3+ 41. Kg2 Re4 {Accuracy: White = 79%, Black = 80%.} 1/2-1/2

[Event "POL-chT DMP Ekstraliga 2019"]
[Site "Katowice"]
[Date "2019.09.04"]
[Round "8.16"]
[White "Tomczak, Mikolaj"]
[Black "Simacek, Pavel"]
[Result "1-0"]
[WhiteElo "2432"]
[BlackElo "2479"]
[Annotator "TA"]
[PlyCount "59"]
[EventDate "2019.08.28"]
[EventType "team-tourn"]
[EventCountry "POL"]
[SourceTitle "playchess.com"]
[Source "ChessBase"]
[SourceQuality "1"]

{[%evp 26,59,72,66,82,75,88,91,128,133,193,187,193,190,200,196,192,190,199,201,317,312,344,334,337,325,413,400,535,540,525,543,814,739,2231,2156]} 1. d4 Nf6 2. Nf3 d6 3. g3 g6 4. Bg2 Bg7 5. O-O O-O 6. c4 c6 7. Nc3 Nbd7 8. e4 e5 9. h3 exd4 10. Nxd4 Re8 11. Bf4 Nc5 12. Re1 Nh5 13. Be3 a5 14. b3 Bd7 {E69: King's Indian: Fianchetto: 6...Nbd7 7 0-0 e5 8 e4 c6 9 h3} (14... Nf6 15. Qc2 Qe7 16. f4 h5 17. Bf2 Ne6 18. Nf3 Qc7 19. Rad1 b6 20. e5 dxe5 21. Nxe5 Bb7 22. h4 Rad8 23. Rxd8 Rxd8 24. Nxg6 {½-½ (58) Navara,D (2663)-Movsesian,S (2645) Prague 2005}) 15. Qd2 Qc7 16. Rad1 Rad8 {White is better.} 17. Bg5 {[#]} Bf6 $146 (17... Rc8 $16 18. g4 Nf6) ({Predecessor:} 17... Nf6 18. Ndb5 Qb6 19. Nxd6 Re5 20. Be3 Qb4 21. Bxc5 Rxc5 22. e5 Nh5 23. Na4 {1-0 (23) Dizdarevic,E (2500)-Sutovsky,E (2545) Struga 1995}) 18. g4 $18 Bxg5 19. Qxg5 Re5 {[#]} 20. Qh6 $1 {And now f4 would win.} Nf6 21. Nf3 Re7 {[#]} 22. Ng5 $1 Rde8 (22... Bc8 $142 23. Re3 Ne6) 23. Re3 Bc8 24. Rf3 Ncd7 {[#]} 25. c5 $1 {[%mdl 512]} d5 (25... dxc5 26. Rxd7) 26. Bf1 d4 27. Rxd4 {White is clearly winning.} Qe5 28. Rd6 b6 29. Bc4 Re6 30. Bxe6 {Accuracy: White = 100%, Black = 34%.} 1-0

[Event "POL-chT DMP Ekstraliga 2019"]
[Site "Katowice"]
[Date "2019.09.04"]
[Round "8.17"]
[White "Bobras, Piotr"]
[Black "Czerwonski, Aleksander"]
[Result "1-0"]
[WhiteElo "2488"]
[BlackElo "2365"]
[Annotator "TA"]
[PlyCount "83"]
[EventDate "2019.08.28"]
[EventType "team-tourn"]
[EventCountry "POL"]
[SourceTitle "playchess.com"]
[Source "ChessBase"]
[SourceQuality "1"]

{[%evp 31,83,34,35,20,29,20,26,41,34,24,54,41,50,52,46,53,38,45,38,37,39,37,39,43,30,19,19,12,17,16,39,34,33,33,64,58,67,77,47,12,10,10,9,4,10,5,11,0,114,95,641,660,29980,6033]} 1. e4 e5 2. Nf3 Nc6 3. Bb5 a6 4. Ba4 Nf6 5. O-O Be7 6. Re1 b5 7. Bb3 d6 8. c3 O-O 9. h3 Na5 10. Bc2 c5 11. d4 Qc7 12. Nbd2 cxd4 13. cxd4 Nc6 14. Nb3 a5 15. Be3 a4 16. Nbd2 {[%cal Bb3d2,Bd2f3,Bf3d4][%mdl 32]} Be6 17. a3 {C99: Closed Ruy Lopez: Chigorin Defence: 11 d4 Qc7 12 Nbd2 cxd4} exd4 (17... Rfc8 18. Rc1 Bd7 19. Bd3 Qb8 20. Qe2 b4 21. dxe5 Nxe5 22. Nxe5 dxe5 23. Nc4 Bc5 24. Bg5 Ne8 25. axb4 Bxb4 {½-½ (38) Shirov,A (2737)-Tkachiev,V (2645) Bastia 2003}) 18. Nxd4 Nxd4 19. Bxd4 {White has an edge.} Nd7 20. Bd3 $146 ({Predecessor:} 20. Rc1 Qb8 21. Qf3 Rc8 22. Bd3 Rxc1 23. Rxc1 Nc5 24. Be2 b4 25. Bc4 Bg5 26. Bxe6 Nxe6 27. Be3 Bxe3 28. Qxe3 bxa3 29. bxa3 Qd8 30. Qd3 Qg5 31. Qd5 {½-½ (31) Arppi,H (2292)-Kuosmanen,K (2296) ICCF email 2013}) 20... Qb8 21. Nf3 Ne5 22. Bc3 Bf6 23. Nd4 Nxd3 24. Qxd3 Bc4 25. Qg3 {[#] And now Nc6! would win.} Be5 26. f4 Bxd4+ $1 27. Bxd4 {[%csl Gd4][%cal Rg3g7]} f6 28. Kh2 Qb7 29. Re3 Rae8 30. Rae1 Qc6 31. Bc3 Rf7 32. f5 Kh8 33. Qf4 Qc7 34. g4 Kg8 35. g5 fxg5 36. Qxg5 {With the idea Rg3.} d5+ $1 37. e5 {aiming for Rg3.} Ref8 38. Rf3 {Threatening Bd4.} d4 $1 {[%cal Rd4c3]} 39. Bb4 $36 {[%mdl 2048] White has some pressure.} Re8 (39... Bd5 $11 40. Rf2 Rxf5 {[%mdl 64] Decoy} 41. Rxf5 Qc2+ {[%mdl 64] Double Attack} 42. Kg1 Qxf5 43. Qxf5 Rxf5) 40. Rg3 {Hoping for e6.} Bd5 $2 {[%mdl 8192] [#]} (40... h6 $16 41. Qf4 Kh7) 41. e6 $1 $18 {[%cal Re6f7]} Rf6 42. Bd6 {Accuracy: White = 79%, Black = 54%.} 1-0